Rzeki Afryki - Statystyki

Ogólne statystyki
  • Ten quiz został rozwiązany 193 razy
    163 od ostatniego zresetowania
  • Średni wynik to 5 z 11
Statystyki odpowiedzi
Kraje Rzeka % Poprawnych
Burundi/Rwanda/Tanzania/Uganda/Sudan Południowy/Sudan/Egipt Nil
99%
Demokratyczna Republika Konga/Kongo/Angola Kongo
92%
Gwinea/Mali/Niger/Benin/Nigeria Niger
82%
Lesotho/RPA/Namibia Oranje
40%
Angola/Zambia/Mozambik/Botswana/Namibia/Botswana/Zimbabwe Zambezi
40%
Gwinea/Mali/Senegal/Mauretania Senegal
33%
Angola/Namibia/Botswana Okawango
22%
Republika Południowa Afryka/Botswana/Zimbabwe/Mozambik Limpopo
20%
Republika Środkowoafrykańska/Dem. Republika Konga/Kongo Ubangi
18%
Demokratyczna Republika Konga Uele
6%
Kamerun/Nigeria Benue
3%
Nie znaleziono quizów pasujących do podanych kryteriów
Rozkład punktacji
Procent ludzi z każdym wynikiem
Percentyl według liczby udzielonych odpowiedzi
Twoja historia wyników
Nie rozwiązałeś tego quizu od ostatniego zresetowania